THE ELEMENTS OF NUCLEAR POWER (Record no. 573196)
[ view plain ]
| 000 -LEADER | |
|---|---|
| fixed length control field | 00308nam a22001337a 4500 |
| 020 ## - INTERNATIONAL STANDARD BOOK NUMBER | |
| International Standard Book Number | 0-582-02224-X |
| 082 ## - DEWEY DECIMAL CLASSIFICATION NUMBER | |
| Classification number | 621.483 BEN'E |
| 100 ## - MAIN ENTRY--PERSONAL NAME | |
| Personal name | THOMSON, J.R , BENNET, D.J |
| 9 (RLIN) | 64812 |
| 245 ## - TITLE STATEMENT | |
| Title | THE ELEMENTS OF NUCLEAR POWER |
| 250 ## - EDITION STATEMENT | |
| Edition statement | 3RD |
| 260 ## - PUBLICATION, DISTRIBUTION, ETC. | |
| Place of publication, distribution, etc. | USA |
| Name of publisher, distributor, etc. | LONGMAN |
| Date of publication, distribution, etc. | 1989 |
| 300 ## - PHYSICAL DESCRIPTION | |
| Extent | 293P |
| 942 ## - ADDED ENTRY ELEMENTS (KOHA) | |
| Koha item type | Book |
| Withdrawn status | Lost status | Damaged status | Not for loan | Permanent Location | Current Location | Shelving location | Date acquired | Total Checkouts | Full call number | Barcode | Date last seen | Price effective from | Koha item type |
|---|---|---|---|---|---|---|---|---|---|---|---|---|---|
| College of Electrical & Mechanical Engineering (CEME) | College of Electrical & Mechanical Engineering (CEME) | General Stacks | 07/27/2017 | 621.483 BEN'E | CEME-25591 | 06/28/2021 | 06/28/2021 | Book |
